<?xml version="1.0" encoding="UTF-8"?>
<record
    xmlns:xsi="http://www.w3.org/2001/XMLSchema-instance"
    xsi:schemaLocation="http://www.loc.gov/MARC21/slim http://www.loc.gov/standards/marcxml/schema/MARC21slim.xsd"
    xmlns="http://www.loc.gov/MARC21/slim">

  <leader>00973cam a22002771a 4500</leader>
  <controlfield tag="001">he 67002502 </controlfield>
  <controlfield tag="003">DLC</controlfield>
  <controlfield tag="005">20260227111452.0</controlfield>
  <controlfield tag="008">910923s1934    hu            000 0 hebr </controlfield>
  <datafield tag="010" ind1=" " ind2=" ">
    <subfield code="a">he 67002502 </subfield>
  </datafield>
  <datafield tag="035" ind1=" " ind2=" ">
    <subfield code="a">(OCoLC)24434302</subfield>
  </datafield>
  <datafield tag="040" ind1=" " ind2=" ">
    <subfield code="a">DLC</subfield>
    <subfield code="c">CLU</subfield>
    <subfield code="d">DLC</subfield>
  </datafield>
  <datafield tag="042" ind1=" " ind2=" ">
    <subfield code="a">premarc</subfield>
  </datafield>
  <datafield tag="050" ind1="0" ind2="0">
    <subfield code="a">BM522.76</subfield>
    <subfield code="b">.O53</subfield>
  </datafield>
  <datafield tag="100" ind1="1" ind2=" ">
    <subfield code="a">Pollak, Menachem.</subfield>
  </datafield>
  <datafield tag="245" ind1="1" ind2="0">
    <subfield code="a">Sefer She&#x2BC;elot u-teshuvot &#x1E24;ele&#x1E33; Le&#x1E7F;i :</subfield>
    <subfield code="b">&#x2BB;al Ora&#x1E25; &#x1E25;ayim &#x1E7F;e-Yoreh de&#x2BB;ah... /</subfield>
    <subfield code="c">Mena&#x1E25;em Segal Pola&#x1E33;...</subfield>
  </datafield>
  <datafield tag="260" ind1=" " ind2=" ">
    <subfield code="a">Mishkolts :</subfield>
    <subfield code="b">Bi-defus B. Friedman,</subfield>
    <subfield code="c">1934.</subfield>
  </datafield>
  <datafield tag="300" ind1=" " ind2=" ">
    <subfield code="a">5, 43, 131 leaves ;</subfield>
    <subfield code="c">34 cm.</subfield>
  </datafield>
  <datafield tag="500" ind1=" " ind2=" ">
    <subfield code="a">"&#x1E24;esed le-Avraham [Divre Agadah she-yesh ba=hem &#x2BB;erekh musari]": 43 leaves (2d group).</subfield>
  </datafield>
  <datafield tag="600" ind1="1" ind2="0">
    <subfield code="a">Karo, Joseph ben Ephraim,</subfield>
    <subfield code="d">1488-1575.</subfield>
    <subfield code="t">Shul&#x1E25;an &#x2BB;arukh.</subfield>
  </datafield>
  <datafield tag="650" ind1=" " ind2="0">
    <subfield code="a">Responsa</subfield>
    <subfield code="y">1800-1948.</subfield>
  </datafield>
  <datafield tag="740" ind1="0" ind2=" ">
    <subfield code="a">She&#x2BC;elot u-teshuvot &#x1E24;ele&#x1E33; Le&#x1E7F;i.</subfield>
  </datafield>
  <datafield tag="740" ind1="0" ind2=" ">
    <subfield code="a">&#x1E24;ele&#x1E33; Le&#x1E7F;i.</subfield>
  </datafield>
  <datafield tag="740" ind1="0" ind2=" ">
    <subfield code="a">Shut &#x1E24;ele&#x1E33; Le&#x1E7F;i.</subfield>
  </datafield>
  <datafield tag="752" ind1=" " ind2=" ">
    <subfield code="a">Hungary</subfield>
    <subfield code="d">Miskolcz</subfield>
  </datafield>
  <datafield tag="999" ind1=" " ind2=" ">
    <subfield code="c">32811</subfield>
    <subfield code="d">32811</subfield>
  </datafield>
</record>
